Robin Hood / (Record no. 6997)
[ view plain ]
| 000 -LEADER | |
|---|---|
| fixed length control field | 01391nam a22002777a 4500 |
| 001 - CONTROL NUMBER | |
| control field | 6997 |
| 003 - CONTROL NUMBER IDENTIFIER | |
| control field | FISKH |
| 005 - DATE AND TIME OF LATEST TRANSACTION | |
| control field | 20250617095205.0 |
| 008 - FIXED-LENGTH DATA ELEMENTS--GENERAL INFORMATION | |
| fixed length control field | 250617b cb ||||| |||| 00| 0 eng d |
| 020 ## - INTERNATIONAL STANDARD BOOK NUMBER | |
| International Standard Book Number | 9781618103253 |
| 040 ## - CATALOGING SOURCE | |
| Original cataloging agency | FISKH |
| Language of cataloging | eng |
| Transcribing agency | FISKH |
| Modifying agency | FISKH |
| 050 ## - LIBRARY OF CONGRESS CALL NUMBER | |
| Classification number | PZ7.K66668 |
| 082 ## - DEWEY DECIMAL CLASSIFICATION NUMBER | |
| Classification number | 823 |
| 100 ## - MAIN ENTRY--PERSONAL NAME | |
| Personal name | Koontz, Robin |
| 245 ## - TITLE STATEMENT | |
| Title | Robin Hood / |
| Statement of responsibility, etc. | Witten and Illustrated by Robin Koontz |
| 260 ## - PUBLICATION, DISTRIBUTION, ETC. | |
| Place of publication, distribution, etc. | Florida : |
| Name of publisher, distributor, etc. | Rourke Educational Media , |
| Date of publication, distribution, etc. | 2013. |
| 300 ## - PHYSICAL DESCRIPTION | |
| Extent | 24 pages : |
| Other physical details | color illustrations ; |
| Dimensions | 21x21 cm . |
| 490 ## - SERIES STATEMENT | |
| Series statement | Blue Reader |
| Volume/sequential designation | Levels 2-3 |
| 505 ## - FORMATTED CONTENTS NOTE | |
| Formatted contents note | K <br/> |
| 520 ## - SUMMARY, ETC. | |
| Summary, etc. | Juvenile Fiction. Juvenile Literature. HTML:As the cast of merry hikers start along the trail they decide to mark the trees with forks and spoons so they can find their way home. After a relaxing hike they start back only to find all the forks and spoons are gone. They are lost and begin to get scared when a ranger finds them and leads them to a shelter. He offers them something to eat and they notice the spoon he gives them is one of theirs. He told them he thought someone had littered and he collected the forks and spoons to give to someone who really needed them. The hikers remarked by saying that made him like Robin Hood. |
| 521 8# - TARGET AUDIENCE NOTE | |
| Target audience note | 510 <br/><br/> |
| Source | Lexile <br/> |
| 521 8# - TARGET AUDIENCE NOTE | |
| Target audience note | K <br/> |
| Source | Raz-Plus <br/> |
| 700 ## - ADDED ENTRY--PERSONAL NAME | |
| Personal name | McKenzie, Precious |
| Relator term | Editor |
| 942 ## - ADDED ENTRY ELEMENTS (KOHA) | |
| Source of classification or shelving scheme | Dewey Decimal Classification |
| Koha item type | Books |
| Suppress in OPAC | No |
| Withdrawn status | Lost status | Source of classification or shelving scheme | Damaged status | Not for loan | Collection | Home library | Current library | Shelving location | Date acquired | Total Checkouts | Full call number | Barcode | Date last seen | Price effective from | Koha item type |
|---|---|---|---|---|---|---|---|---|---|---|---|---|---|---|---|
| Dewey Decimal Classification | Juvenile Fiction | Footprints International School Library Network Toul Tom Poung Campus | Footprints International School Library Network Toul Tom Poung Campus | TTP Primary Yellow Bookshelves | 06/17/2025 | KOO 823 PZ7.K6668 | FISTK00940 | 06/17/2025 | 06/17/2025 | Books |
